000 00548nam a2200157 4500
999 _c16885
_d16885
008 220411b ||||| |||| 00| 0 eng d
022 _a0117-3308
082 _aDPer 004.1105 C73 Sept 2010 - April 2011 v. 20 n. 3-9
100 _aO'neill, Shane
_945104
245 _a10 ridiculous new tech acronyms/
_cShane O'neill.
260 _aPhilippines:
_bSchneider Electric,
_c©2010-2011.
300 _av20 n4, page 38:
_bcolor illustrations;
_c27 cm.
500 _aComputer world.
650 _aAcronyms
_xInformation technology.
_945105
942 _2ddc
_cPER